From agronomic data to farmer recommendations : an economics training manual
This manual presents a set of procedures for the economic analysis of on-farm experiments. It is intended for use by agricultural scientists as they develop recommendations for farmers form agronomic data
Сохранить в:
| Формат: | |
|---|---|
| Язык: | Undetermined |
| Опубликовано: |
México, D.F., México
CIMMYT Economics Program
1988
|
| Предметы: | |
| Метки: |
Добавить метку
Нет меток, Требуется 1-ая метка записи!
|
| Thư viện lưu trữ: | Trung tâm Học liệu Trường Đại học Cần Thơ |
|---|
| LEADER | 00841nam a2200205Ia 4500 | ||
|---|---|---|---|
| 001 | CTU_149834 | ||
| 008 | 210402s9999 xx 000 0 und d | ||
| 082 | |a 338.1 | ||
| 082 | |b F931 | ||
| 245 | 0 | |a From agronomic data to farmer recommendations : | |
| 245 | 3 | |b an economics training manual | |
| 245 | 0 | |c Cimmyt Economics Program | |
| 260 | |a México, D.F., México | ||
| 260 | |b CIMMYT Economics Program | ||
| 260 | |c 1988 | ||
| 520 | |a This manual presents a set of procedures for the economic analysis of on-farm experiments. It is intended for use by agricultural scientists as they develop recommendations for farmers form agronomic data | ||
| 650 | |a Agriculture,Farm management | ||
| 650 | |x Economic aspects,Research,Methodology,Study and teaching | ||
| 904 | |i Năm | ||
| 980 | |a Trung tâm Học liệu Trường Đại học Cần Thơ | ||